[Event "Pan American-ch U20"]
[Site "Asuncion"]
[Date "2025.06.19"]
[Round "9"]
[White "Mou, Iris Zhaoying"]
[Black "Hebbar, Eshaan"]
[Result "1-0"]
[WhiteElo "2227"]
[BlackElo "2163"]
[PlyCount "71"]
[EventDate "2025.06.14"]
[EventType "swiss"]
[EventRounds "9"]
[EventCountry "PAR"]
[SourceTitle "CB26_2025"]
[SourceDate "2025.06.25"]
[SourceVersion "1"]
[SourceVersionDate "2025.06.25"]
[SourceQuality "1"]

1. e4 d6 2. d4 Nf6 3. Nc3 g6 4. f4 Bg7 5. Nf3 0-0 6. Bd3 Nc6 7. Be2 e5 8. dxe5 dxe5 9. Qxd8 Rxd8 10. fxe5 Ng4 11. Nb5 Nb4 12. 0-0 c6 13. Bg5 Rd7 14. Nd6 h6 15. Bf4 g5 16. Bg3 Re7 17. c3 Na6 18. h3 Ne3 19. Rfc1 g4 20. Nxc8 Rxc8 21. Nd2 gxh3 22. gxh3 b5 23. b3 Rd7 24. Nf3 Bf8 25. Bf2 Bc5 26. a4 Kh7 27. b4 Rg8+ 28. Kh1 Nc2 29. bxc5 Nxa1 30. Rxa1 Nc7 31. Nd4 bxa4 32. Bg4 Rdd8 33. Bh4 Rb8 34. Bf5+ Kg7 35. Nxc6 Rbe8 36. Bd7 1-0

[Event "Budapest SixDays 03 IM-C"]
[Site "Budapest"]
[Date "2025.03.29"]
[Round "9"]
[White "Georgiadis, Anastasios"]
[Black "Mou, Iris Zhaoying"]
[Result "1/2-1/2"]
[WhiteElo "2229"]
[BlackElo "2209"]
[PlyCount "78"]
[EventDate "2025.03.24"]
[EventType "tourn"]
[EventRounds "9"]
[EventCountry "HUN"]
[SourceTitle "CB14_2025"]
[SourceDate "2024.11.01"]
[SourceVersion "1"]
[SourceVersionDate "2024.11.01"]
[SourceQuality "1"]

1. d4 d5 2. c4 e6 3. Nc3 Nf6 4. cxd5 exd5 5. Bg5 Bb4 6. Qa4+ Nc6 7. e3 h6 8. Bxf6 Qxf6 9. Nf3 0-0 10. Rc1 Qg6 11. h4 Bg4 12. Be2 Bxc3+ 13. bxc3 Rfd8 14. 0-0 Qf6 15. c4 a6 16. c5 Ne7 17. Qd1 Bxf3 18. Bxf3 Qxh4 19. Rb1 Rab8 20. Rb3 Qf6 21. Qe2 b5 22. cxb6 Rxb6 23. Rc1 Rxb3 24. axb3 Qb6 25. Qc2 c6 26. Qc5 Qxc5 27. Rxc5 Rb8 28. Ra5 Rxb3 29. Rxa6 Rb7 30. Kh2 f5 31. g4 fxg4 32. Bxg4 Kf7 33. Kg3 Rc7 34. Bd1 g6 35. Ba4 Kf6 36. f3 Nf5+ 37. Kf2 Ne7 38. Kg3 Nf5+ 39. Kf2 Ne7 1/2-1/2

[Event "Budapest SixDays 03 IM-C"]
[Site "Budapest"]
[Date "2025.03.27"]
[Round "6"]
[White "Mou, Iris Zhaoying"]
[Black "Steiners, Emils"]
[Result "1-0"]
[WhiteElo "2209"]
[BlackElo "2165"]
[PlyCount "65"]
[EventDate "2025.03.24"]
[EventType "tourn"]
[EventRounds "9"]
[EventCountry "HUN"]
[SourceTitle "CB14_2025"]
[SourceDate "2024.11.01"]
[SourceVersion "1"]
[SourceVersionDate "2024.11.01"]
[SourceQuality "1"]

1. e4 c5 2. Nf3 Nc6 3. Bb5 g6 4. 0-0 Bg7 5. d3 e5 6. a3 Nge7 7. b4 cxb4 8. axb4 0-0 9. c4 d6 10. Bxc6 bxc6 11. Nc3 d5 12. Ra5 d4 13. Ne2 Qc7 14. Ng3 Bg4 15. h3 Bxf3 16. Qxf3 f5 17. exf5 gxf5 18. Bg5 Ng6 19. Nxf5 h6 20. Bc1 Qd7 21. Nxh6+ Bxh6 22. Qh5 Nf4 23. Qxh6 Ne2+ 24. Kh2 Nxc1 25. Rxe5 Qh7 26. Qg5+ Qg7 27. Qh5 Qh7 28. Qg4+ Kf7 29. Qe6+ Kg7 30. Rg5+ Kh8 31. Qe5+ Rf6 32. Qxf6+ Qg7 33. Qxg7# 1-0

[Event "New York President's Day IM-C"]
[Site "New York"]
[Date "2025.02.17"]
[Round "8"]
[White "Mou, Iris Zhaoying"]
[Black "Jing, Andrew"]
[Result "1/2-1/2"]
[WhiteElo "2134"]
[BlackElo "2259"]
[PlyCount "69"]
[EventDate "2025.02.14"]
[EventType "tourn"]
[EventRounds "9"]
[EventCountry "USA"]
[SourceTitle "CB08_2025"]
[SourceDate "2025.02.19"]
[SourceVersion "1"]
[SourceVersionDate "2025.02.19"]
[SourceQuality "1"]

1. e4 e5 2. Nf3 Nc6 3. Bc4 Nf6 4. d3 Bc5 5. a4 d6 6. a5 a6 7. 0-0 0-0 8. c3 Ba7 9. Be3 Bxe3 10. fxe3 Ne7 11. Nbd2 Ng6 12. d4 Qe7 13. Qc2 c6 14. Bd3 Be6 15. Rfe1 Rad8 16. Ng5 Bc8 17. Nc4 h6 18. Nf3 Bg4 19. Rf1 Rfe8 20. Rae1 Bxf3 21. Rxf3 d5 22. Nd2 Nf8 23. Rf5 N8d7 24. Qb3 Rb8 25. Rff1 dxe4 26. Bxe4 Nxe4 27. Nxe4 Qe6 28. Qb4 exd4 29. exd4 Qd5 30. Nd6 Rxe1 31. Rxe1 c5 32. dxc5 Nxc5 33. Qd4 Qxd4+ 34. cxd4 Nb3 35. Re7 1/2-1/2

[Event "New York President's Day IM-C"]
[Site "New York"]
[Date "2025.02.17"]
[Round "9"]
[White "Pang, Qi"]
[Black "Mou, Iris Zhaoying"]
[Result "1/2-1/2"]
[WhiteElo "2228"]
[BlackElo "2134"]
[PlyCount "63"]
[EventDate "2025.02.14"]
[EventType "tourn"]
[EventRounds "9"]
[EventCountry "USA"]
[SourceTitle "CB08_2025"]
[SourceDate "2025.02.19"]
[SourceVersion "1"]
[SourceVersionDate "2025.02.19"]
[SourceQuality "1"]

1. d4 d5 2. Nf3 Nf6 3. c4 e6 4. g3 Bb4+ 5. Bd2 a5 6. a3 Be7 7. Qc2 c6 8. Bg2 Nbd7 9. 0-0 0-0 10. Bf4 h6 11. Rd1 a4 12. Nbd2 g5 13. Be3 Ng4 14. Nf1 Nxe3 15. Nxe3 Kg7 16. Ng4 Qe8 17. cxd5 cxd5 18. Nge5 Nf6 19. Rac1 Bd6 20. Nd2 b5 21. e4 Bb7 22. exd5 Bxd5 23. Bxd5 Nxd5 24. Ne4 Be7 25. Qd3 Rb8 26. Nc5 Nf6 27. Na6 Rb6 28. Nc5 Qd8 29. Ne4 Nd5 30. Nc5 Nf6 31. Ne4 Nd5 32. Nc5 1/2-1/2

[Event "New York President's Day IM-C"]
[Site "New York"]
[Date "2025.02.15"]
[Round "4"]
[White "Cherukuri, Nitesh"]
[Black "Mou, Iris Zhaoying"]
[Result "1-0"]
[WhiteElo "2212"]
[BlackElo "2134"]
[PlyCount "73"]
[EventDate "2025.02.14"]
[EventType "tourn"]
[EventRounds "9"]
[EventCountry "USA"]
[SourceTitle "CB08_2025"]
[SourceDate "2025.02.19"]
[SourceVersion "1"]
[SourceVersionDate "2025.02.19"]
[SourceQuality "1"]

1. e4 c6 2. d4 d5 3. e5 Bf5 4. h4 h5 5. Bd3 Bxd3 6. Qxd3 Qa5+ 7. Nd2 e6 8. Ne2 Ne7 9. 0-0 Nf5 10. Nf3 Qa6 11. Qd1 c5 12. c3 Nc6 13. Bg5 Qb6 14. Ng3 Nxg3 15. fxg3 Be7 16. Kh2 Qc7 17. a4 c4 18. b4 cxb3 19. Qxb3 a6 20. Bxe7 Nxe7 21. Ng5 Nf5 22. Rxf5 exf5 23. Qxd5 g6 24. Rb1 Rb8 25. Rb6 Qxb6 26. Qxf7+ Kd8 27. e6 Qd6 28. Qg7 Kc8 29. Qxh8+ Kc7 30. Qg7+ Kb6 31. Qxg6 f4 32. Nf7 Qe7 33. d5 fxg3+ 34. Kh3 Re8 35. d6 Qxe6+ 36. Qxe6 Rxe6 37. d7 1-0

[Event "New York President's Day IM-C"]
[Site "New York"]
[Date "2025.02.14"]
[Round "2"]
[White "Lund, Silas"]
[Black "Mou, Iris Zhaoying"]
[Result "1/2-1/2"]
[WhiteElo "2272"]
[BlackElo "2134"]
[PlyCount "31"]
[EventDate "2025.02.14"]
[EventType "tourn"]
[EventRounds "9"]
[EventCountry "USA"]
[SourceTitle "CB08_2025"]
[SourceDate "2025.02.19"]
[SourceVersion "1"]
[SourceVersionDate "2025.02.19"]
[SourceQuality "1"]

1. d4 d5 2. c4 e6 3. Nc3 Nf6 4. cxd5 exd5 5. Bg5 Be6 6. e3 Nbd7 7. Bd3 c6 8. Nge2 h6 9. Bh4 g5 10. Bg3 Nh5 11. Qc2 Nxg3 12. Nxg3 Qf6 13. 0-0-0 0-0-0 14. Kb1 Kb8 15. Na4 h5 16. Nf5 1/2-1/2

[Event "New York Blitz Fuel IM-D"]
[Site "New York"]
[Date "2025.01.20"]
[Round "8"]
[White "Mou, Iris Zhaoying"]
[Black "Hoffman, Luc"]
[Result "1-0"]
[WhiteElo "2183"]
[BlackElo "2131"]
[PlyCount "75"]
[EventDate "2025.01.16"]
[EventType "tourn"]
[EventRounds "9"]
[EventCountry "USA"]
[SourceTitle "CB05_2025"]
[SourceDate "2025.01.29"]
[SourceVersion "1"]
[SourceVersionDate "2025.01.29"]
[SourceQuality "1"]

1. e4 c5 2. Nf3 Nc6 3. Bb5 Nf6 4. Nc3 Qc7 5. 0-0 Nd4 6. Re1 e5 7. Bc4 d6 8. Nb5 Nxb5 9. Bxb5+ Bd7 10. Bxd7+ Qxd7 11. c3 c4 12. d4 cxd3 13. Bg5 Ng8 14. Qxd3 Be7 15. Be3 Nf6 16. Rad1 Qc6 17. Bg5 Nd7 18. Bxe7 Kxe7 19. Nh4 g6 20. Qg3 Nc5 21. Nf3 Ne6 22. Nd2 h5 23. h4 Rhg8 24. Nf1 Nc5 25. Nd2 Ne6 26. Nf1 Nc5 27. Qg5+ Ke6 28. Ng3 Qb6 29. Rd2 Qc7 30. Red1 Rad8 31. Rd5 Qe7 32. Nf5 f6 33. Nxe7 fxg5 34. Nxg8 Nxe4 35. f3 Ng3 36. Nf6 Ne2+ 37. Kf2 Nf4 38. Ne4 1-0

[Event "New York Blitz Fuel IM-D"]
[Site "New York"]
[Date "2025.01.18"]
[Round "4"]
[White "Tanenbaum, Zachary Chen"]
[Black "Mou, Iris Zhaoying"]
[Result "1/2-1/2"]
[WhiteElo "2297"]
[BlackElo "2183"]
[PlyCount "91"]
[EventDate "2025.01.16"]
[EventType "tourn"]
[EventRounds "9"]
[EventCountry "USA"]
[SourceTitle "CB05_2025"]
[SourceDate "2025.01.29"]
[SourceVersion "1"]
[SourceVersionDate "2025.01.29"]
[SourceQuality "1"]

1. e4 c6 2. d4 d5 3. Bd3 dxe4 4. Bxe4 Nf6 5. Bf3 Bf5 6. g4 Be4 7. g5 Bxf3 8. Nxf3 Nfd7 9. c4 e6 10. Nc3 Nb6 11. Qe2 Be7 12. Bf4 Bb4 13. 0-0 Bxc3 14. bxc3 0-0 15. h4 Nc8 16. h5 Ne7 17. Rab1 b6 18. Kh2 Nd7 19. Rg1 Re8 20. Qe4 Nf8 21. Ne5 Rc8 22. Rbd1 b5 23. h6 Nfg6 24. hxg7 Kxg7 25. Ng4 Nxf4 26. Qxf4 Ng6 27. Qf6+ Qxf6 28. Nxf6 Rh8 29. Nh5+ Kf8 30. Kg3 h6 31. gxh6 Rxh6 32. Rh1 Ne7 33. c5 Nf5+ 34. Kf4 Ne7 35. Kf3 Nd5 36. Nf4 Rxh1 37. Rxh1 Ke7 38. Nxd5+ cxd5 39. Rb1 a6 40. Ke3 Kd7 41. Kd3 Rh8 42. Rg1 Rh3+ 43. Rg3 Rh8 44. Rf3 Ke7 45. Kc2 Rh1 46. Kb2 1/2-1/2

[Event "Wch Blitz (Women)"]
[Site "New York"]
[Date "2024.12.30"]
[Round "2"]
[White "Mou, Iris Zhaoying"]
[Black "Narva, Mai"]
[Result "0-1"]
[WhiteElo "2226"]
[BlackElo "2413"]
[PlyCount "124"]
[EventDate "2024.12.30"]
[EventType "swiss (blitz)"]
[EventRounds "11"]
[EventCountry "USA"]
[SourceTitle "CB01_2025"]
[SourceDate "2025.01.01"]
[SourceVersion "1"]
[SourceVersionDate "2025.01.01"]
[SourceQuality "1"]

1. e4 g6 2. d4 Bg7 3. Nf3 d6 4. Be2 a6 5. a4 b6 6. 0-0 Bb7 7. Nc3 Nd7 8. h3 e5 9. dxe5 dxe5 10. Bg5 Ne7 11. b4 h6 12. Be3 0-0 13. Qc1 Kh7 14. Rd1 Qc8 15. Nd5 Nxd5 16. exd5 e4 17. Nd4 Bxd5 18. Ra3 Bb7 19. h4 Ne5 20. Bf4 c5 21. bxc5 Qxc5 22. Rg3 Rad8 23. c3 Nc4 24. Nb3 Qc6 25. Rxd8 Rxd8 26. h5 Qxa4 27. hxg6+ fxg6 28. Nd4 Bc8 29. Bc7 Rf8 30. Bxb6 Nxb6 31. Bd1 Qd7 32. Qe3 Qd6 33. Bc2 Bb7 34. Qe2 Qf4 35. Nb3 Nd5 36. c4 Nc3 37. Qe1 Qe5 38. Re3 Qf6 39. Rg3 h5 40. Nd2 a5 41. Nb3 a4 42. Nc5 Bc6 43. Na6 a3 44. Nb4 Bb7 45. Re3 a2 46. Nxa2 Nxa2 47. Qb1 Qa6 48. Bb3 Nc3 49. Qe1 Qf6 50. c5 Bc6 51. Bc4 Rb8 52. Kh2 Rb1 53. Qd2 Rd1 54. Qc2 Ra1 55. Qb3 Qxf2 56. Bg8+ Kh6 57. Rxc3 Bxc3 58. Qxc3 Qh4+ 59. Qh3 Qxh3+ 60. gxh3 Rc1 61. Be6 Rxc5 62. Kg3 Re5 0-1

[Event "Wch Blitz (Women)"]
[Site "New York"]
[Date "2024.12.30"]
[Round "8"]
[White "Mou, Iris Zhaoying"]
[Black "Sevcikova, Lucia"]
[Result "0-1"]
[WhiteElo "2226"]
[BlackElo "2060"]
[PlyCount "122"]
[EventDate "2024.12.30"]
[EventType "swiss (blitz)"]
[EventRounds "11"]
[EventCountry "USA"]
[SourceTitle "CB01_2025"]
[SourceDate "2025.01.01"]
[SourceVersion "1"]
[SourceVersionDate "2025.01.01"]
[SourceQuality "1"]

1. e4 c6 2. d4 d5 3. exd5 cxd5 4. Bd3 Nc6 5. c3 Qc7 6. Ne2 Bg4 7. 0-0 e6 8. Qe1 Bd6 9. f3 Bh5 10. Qh4 Bg6 11. Bxg6 fxg6 12. Bf4 Nge7 13. Nd2 Nf5 14. Bxd6 Qxd6 15. Qf4 Qxf4 16. Nxf4 Kf7 17. Rfe1 Rhe8 18. Nb3 b6 19. Nc1 g5 20. Nh3 h6 21. Nd3 Nd6 22. Re2 Nc4 23. Rae1 Re7 24. Nhf2 Rae8 25. Ng4 h5 26. Nge5+ N6xe5 27. Nxe5+ Nxe5 28. Rxe5 Kf6 29. g4 h4 30. b3 Rc8 31. R5e3 b5 32. Kf2 Rc6 33. Ke2 Ra6 34. Ra1 Rc7 35. Kd2 Rac6 36. Rae1 b4 37. c4 dxc4 38. bxc4 Rxc4 39. Rxe6+ Kf7 40. R1e4 Rc2+ 41. Kd1 Rxa2 42. d5 b3 43. Rb4 b2 44. Rc6 Rd7 45. d6 Ra1+ 46. Kc2 Rc1+ 47. Kxb2 Rxc6 48. f4 gxf4 49. Rxf4+ Kg6 50. h3 Rcxd6 51. Rf5 Rd2+ 52. Kc1 R2d3 53. Rc5 Rxh3 54. Kc2 Rg3 55. Rc6+ Kg5 56. Rc5+ Kxg4 57. Rc4+ Kh3 58. Kb2 g5 59. Rc2 Rg2 60. Kc1 Rxc2+ 61. Kxc2 Kg2 0-1

[Event "Wch Blitz (Women)"]
[Site "New York"]
[Date "2024.12.30"]
[Round "7"]
[White "Zhukova, Natalia"]
[Black "Mou, Iris Zhaoying"]
[Result "1-0"]
[WhiteElo "2302"]
[BlackElo "2226"]
[PlyCount "63"]
[EventDate "2024.12.30"]
[EventType "swiss (blitz)"]
[EventRounds "11"]
[EventCountry "USA"]
[SourceTitle "CB01_2025"]
[SourceDate "2025.01.01"]
[SourceVersion "1"]
[SourceVersionDate "2025.01.01"]
[SourceQuality "1"]

1. c4 e5 2. Nc3 Nf6 3. Nf3 e4 4. Ng5 c6 5. Qa4 Qe7 6. Qc2 Na6 7. Ngxe4 Nxe4 8. Qxe4 Qxe4 9. Nxe4 d5 10. cxd5 Nb4 11. Kd1 Bf5 12. d3 Bxe4 13. dxe4 cxd5 14. a3 Nc6 15. exd5 0-0-0 16. e4 Bc5 17. f3 f5 18. Bg5 Rd7 19. Rc1 b6 20. b4 Kb7 21. bxc5 bxc5 22. Bb5 Rc8 23. Ke1 fxe4 24. dxc6+ Rxc6 25. Bxc6+ Kxc6 26. fxe4 Rd4 27. Be3 Rxe4 28. Kf2 c4 29. Rhd1 g5 30. Rd4 Rxd4 31. Bxd4 Kd5 32. Bxa7 1-0

[Event "Wch Rapid (Women)"]
[Site "New York"]
[Date "2024.12.26"]
[Round "4"]
[White "Khademalsharieh, Sarasadat"]
[Black "Mou, Iris Zhaoying"]
[Result "1/2-1/2"]
[WhiteElo "2359"]
[BlackElo "2226"]
[PlyCount "131"]
[EventDate "2024.12.26"]
[EventType "swiss (rapid)"]
[EventRounds "11"]
[EventCountry "USA"]
[SourceTitle "CB01_2025"]
[SourceDate "2025.01.01"]
[SourceVersion "1"]
[SourceVersionDate "2025.01.01"]
[SourceQuality "1"]

1. d4 d5 2. c4 e6 3. Nc3 c5 4. cxd5 cxd4 5. Qxd4 Nc6 6. Qd1 exd5 7. e3 Nf6 8. Nf3 Bb4 9. Be2 0-0 10. 0-0 a6 11. Nd4 Bxc3 12. bxc3 Ne4 13. Qc2 Qc7 14. c4 Nxd4 15. exd4 Nf6 16. c5 Re8 17. Bd3 Bd7 18. Bg5 Ne4 19. Be3 h6 20. Rab1 Rac8 21. Qb3 Bc6 22. Rfe1 Re7 23. f3 Nf6 24. Bf2 Rce8 25. Rxe7 Rxe7 26. Bg3 Qd8 27. Bh4 Re6 28. Qc3 Qe8 29. Qd2 Nd7 30. Kf2 Qc8 31. Bf5 Re8 32. Bd3 Nf8 33. Bg3 Ne6 34. Bf5 Qd8 35. Re1 Qf6 36. Bxe6 Rxe6 37. Be5 Qe7 38. g3 Qe8 39. Re3 Bb5 40. Bf4 Rxe3 41. Bxe3 Qe6 42. Kg2 Qf5 43. Qd1 Qd3 44. Qxd3 Bxd3 45. Bf4 f6 46. Bd6 Kf7 47. Kf2 Ke6 48. Ke3 Bc4 49. a3 h5 50. h4 g6 51. Kf4 Bd3 52. g4 Bc4 53. Bc7 Bd3 54. Bd8 Bc4 55. Ke3 Bb3 56. Kf2 Bd1 57. Kg3 Be2 58. Kf4 Bd1 59. g5 f5 60. Ke3 Kd7 61. Bf6 Ke6 62. f4 Kd7 63. Kd2 Ba4 64. Kc3 Kc6 65. Kb4 Bd1 66. Ka5 1/2-1/2

[Event "Wch Rapid (Women)"]
[Site "New York"]
[Date "2024.12.26"]
[Round "3"]
[White "Mou, Iris Zhaoying"]
[Black "Tsolakidou, Stavroula"]
[Result "1/2-1/2"]
[WhiteElo "2226"]
[BlackElo "2381"]
[PlyCount "98"]
[EventDate "2024.12.26"]
[EventType "swiss (rapid)"]
[EventRounds "11"]
[EventCountry "USA"]
[SourceTitle "CB01_2025"]
[SourceDate "2025.01.01"]
[SourceVersion "1"]
[SourceVersionDate "2025.01.01"]
[SourceQuality "1"]

1. e4 c5 2. Be2 Nc6 3. f4 d5 4. d3 g6 5. Nf3 Bg7 6. 0-0 e6 7. c3 Nge7 8. Be3 b6 9. Bf2 0-0 10. Bh4 Qd7 11. Na3 Bb7 12. Nc2 Rae8 13. Ne3 d4 14. Ng4 f5 15. Nge5 Nxe5 16. Nxe5 Bxe5 17. fxe5 fxe4 18. dxe4 Bxe4 19. cxd4 Nf5 20. dxc5 Qxd1 21. Raxd1 Nxh4 22. Rxf8+ Rxf8 23. Rd4 Bxg2 24. Rxh4 Bd5 25. cxb6 axb6 26. Bc4 Rc8 27. Bxd5 exd5 28. Rb4 Rc6 29. Kf2 Kf7 30. Ke3 Ke6 31. Kd4 g5 32. b3 h5 33. Rb5 g4 34. Rxd5 Rc2 35. Rd6+ Ke7 36. Rxb6 Rxa2 37. Kd5 Rd2+ 38. Ke4 Rxh2 39. Rb7+ Ke6 40. Rb6+ Kd7 41. Rb7+ Ke6 42. Rb6+ Kf7 43. Rb7+ Kg6 44. Rb8 Re2+ 45. Kf4 Rf2+ 46. Ke4 Re2+ 47. Kf4 Rf2+ 48. Ke4 Kf7 49. Rb7+ Kg6 1/2-1/2

[Event "Wch Rapid (Women)"]
[Site "New York"]
[Date "2024.12.26"]
[Round "1"]
[White "Mou, Iris Zhaoying"]
[Black "Yip, Carissa"]
[Result "0-1"]
[WhiteElo "2226"]
[BlackElo "2389"]
[PlyCount "118"]
[EventDate "2024.12.26"]
[EventType "swiss (rapid)"]
[EventRounds "11"]
[EventCountry "USA"]
[SourceTitle "CB01_2025"]
[SourceDate "2025.01.01"]
[SourceVersion "1"]
[SourceVersionDate "2025.01.01"]
[SourceQuality "1"]

1. e4 g6 2. d4 Bg7 3. Nc3 d6 4. Nf3 a6 5. a4 b6 6. Be2 Bb7 7. 0-0 Nd7 8. Be3 Ngf6 9. d5 0-0 10. Nd4 Nb8 11. Bf3 Nfd7 12. Qd2 Re8 13. Bh6 Bh8 14. Bg4 Ne5 15. Be2 c5 16. dxc6 Nbxc6 17. Nxc6 Nxc6 18. Be3 Ne5 19. Bd4 Qc7 20. Nd5 Bxd5 21. exd5 Nd7 22. Bxh8 Kxh8 23. Ra3 Kg8 24. Rc3 Qb7 25. f4 Rac8 26. Rh3 Nf6 27. c4 Ne4 28. Qe1 f5 29. b3 Qc7 30. Qh4 e6 31. dxe6 Rxe6 32. Bf3 Nf6 33. Kh1 Rce8 34. Qf2 Kg7 35. Bd5 Re2 36. Qh4 h5 37. Rd3 Qe7 38. h3 Nxd5 39. Qxe7+ Nxe7 40. Rxd6 Nc8 41. Rd7+ R8e7 42. Rd8 Re8 43. Rd7+ R2e7 44. Rd5 Re3 45. Rd7+ Kg8 46. Rb1 R3e7 47. Rd5 Kf7 48. Kh2 Re1 49. Rb2 Rf1 50. g3 Rfe1 51. Rd7+ R1e7 52. Rdd2 Re6 53. Kg2 Nd6 54. Rbc2 Ne4 55. Re2 Nc5 56. Rxe6 Rxe6 57. b4 Nxa4 58. Ra2 b5 59. c5 Re4 0-1

[Event "North American-ch UNN"]
[Site "Dulles"]
[Date "2024.12.20"]
[Round "5"]
[White "Yang, Jingyun"]
[Black "Mou, Iris Zhaoying"]
[Result "1/2-1/2"]
[WhiteElo "2139"]
[BlackElo "2226"]
[PlyCount "46"]
[EventDate "2024.12.18"]
[EventType "swiss"]
[EventRounds "9"]
[EventCountry "USA"]
[SourceTitle "CB02_2025"]
[SourceDate "2025.01.08"]
[SourceVersion "1"]
[SourceVersionDate "2025.01.08"]
[SourceQuality "1"]

1. d4 d5 2. Nf3 Nf6 3. c4 e6 4. e3 a6 5. b3 Nbd7 6. Bb2 b6 7. Nc3 Bb7 8. Bd3 Bd6 9. Rc1 Qe7 10. Qc2 Bb4 11. cxd5 Nxd5 12. Ke2 Bd6 13. Nxd5 exd5 14. h3 Nf6 15. Rhe1 Ne4 16. Kf1 0-0 17. Ne5 c5 18. Bxe4 dxe4 19. Nc4 cxd4 20. Nxd6 Qxd6 21. Bxd4 Rfc8 22. Qe2 f5 23. Kg1 b5 1/2-1/2

[Event "American Continental (Women) 15th"]
[Site "Santo Domingo"]
[Date "2024.11.27"]
[Round "6"]
[White "Mateus, Martha"]
[Black "Mou, Iris Zhaoying"]
[Result "0-1"]
[WhiteElo "1957"]
[BlackElo "2257"]
[PlyCount "87"]
[EventDate "2024.11.24"]
[EventType "swiss"]
[EventRounds "9"]
[EventCountry "DOM"]
[SourceTitle "CB49_2024"]
[SourceDate "2024.12.04"]
[SourceVersion "1"]
[SourceVersionDate "2024.12.04"]
[SourceQuality "1"]

1. e4 c6 2. d4 d5 3. e5 Bf5 4. Nf3 e6 5. Be2 Nd7 6. 0-0 a5 7. Nbd2 a4 8. c3 h6 9. h3 Ne7 10. b4 axb3 11. Nxb3 Qc7 12. Be3 Bh7 13. Nfd2 Nf5 14. a4 Be7 15. Bf4 0-0 16. g4 Nh4 17. Bg3 c5 18. c4 cxd4 19. Nxd4 dxc4 20. Nxc4 Nc5 21. Nd6 Ne4 22. N4b5 Qb6 23. Bf4 Qc6 24. Nd4 Qd5 25. N4f5 Nxf5 26. Nxf5 Bc5 27. Qxd5 exd5 28. Bf3 Rfe8 29. Bxe4 dxe4 30. Nd6 Re7 31. Rfd1 b6 32. Kf1 Bg6 33. Nb5 e3 34. fxe3 Bc2 35. Rd2 Bxa4 36. Rb1 g5 37. Bg3 Bxe3 38. Rd6 Bc5 39. Rd2 f6 40. Nd6 fxe5 41. Nf5 Re6 42. h4 e4 43. hxg5 hxg5 44. Re2 0-1

[Event "American Continental (Women) 15th"]
[Site "Santo Domingo"]
[Date "2024.11.26"]
[Round "4"]
[White "Hilario Huaranca, Aleyla Karen"]
[Black "Mou, Iris Zhaoying"]
[Result "0-1"]
[WhiteElo "2010"]
[BlackElo "2257"]
[PlyCount "160"]
[EventDate "2024.11.24"]
[EventType "swiss"]
[EventRounds "9"]
[EventCountry "DOM"]
[SourceTitle "CB49_2024"]
[SourceDate "2024.12.04"]
[SourceVersion "1"]
[SourceVersionDate "2024.12.04"]
[SourceQuality "1"]

1. d4 d5 2. c4 e6 3. Nf3 Nf6 4. g3 Bb4+ 5. Bd2 a5 6. Bg2 0-0 7. a3 Be7 8. Qc2 b6 9. cxd5 exd5 10. 0-0 Ne4 11. Bf4 c5 12. Nc3 Bf5 13. Qb3 Nxc3 14. bxc3 a4 15. Qb2 Nc6 16. Rad1 g5 17. Bc1 Na5 18. dxc5 Nc4 19. Qa2 bxc5 20. Nxg5 Bxg5 21. Rxd5 Nd6 22. Bxg5 Qxg5 23. Rxd6 Rad8 24. Rd5 Qf6 25. Rxc5 Rc8 26. Qc4 Qe7 27. Rxc8 Rxc8 28. Qxa4 Rxc3 29. Qa8+ Kg7 30. Qd5 Qf6 31. a4 Ra3 32. Qb5 Ra2 33. Bf3 Bh3 34. Rd1 Ra1 35. Qb3 Be6 36. Bd5 Bh3 37. Qd3 Rxa4 38. Bg2 Bf5 39. Qf3 Ra1 40. Rf1 Qe5 41. h3 Ra2 42. Re1 Ra4 43. Qh5 Qf6 44. e4 Bg6 45. Qf3 Qe5 46. Qe3 Ra2 47. Bf1 Ra4 48. Bg2 Ra2 49. Rd1 h6 50. Qd4 Qxd4 51. Rxd4 Ra1+ 52. Kh2 h5 53. Bf3 Re1 54. Rd1 Rxd1 55. Bxd1 h4 56. e5 hxg3+ 57. Kxg3 Bf5 58. Bg4 Bd3 59. Kf4 Kg6 60. h4 Bc2 61. Ke3 f6 62. f4 fxe5 63. fxe5 Bb3 64. Kd4 Ba2 65. Kc5 Kg7 66. Kd6 Bf7 67. Ke7 Bb3 68. Kd6 Ba2 69. Kc5 Bb3 70. Kd4 Ba2 71. Ke4 Kg6 72. Kf4 Bb3 73. h5+ Kh6 74. Kf5 Ba2 75. Kf6 Bc4 76. Be6 Bb5 77. Bf7 Bd7 78. Bg6 Bg4 79. Kf7 Bd7 80. Ke7 Bc8 0-1

[Event "American Continental (Women) 15th"]
[Site "Santo Domingo"]
[Date "2024.11.25"]
[Round "3"]
[White "Mou, Iris Zhaoying"]
[Black "Pachon Gutierrez, Adriana Paola"]
[Result "0-1"]
[WhiteElo "2257"]
[BlackElo "2042"]
[PlyCount "114"]
[EventDate "2024.11.24"]
[EventType "swiss"]
[EventRounds "9"]
[EventCountry "DOM"]
[SourceTitle "CB49_2024"]
[SourceDate "2024.12.04"]
[SourceVersion "1"]
[SourceVersionDate "2024.12.04"]
[SourceQuality "1"]

1. e4 c6 2. d4 d5 3. Nc3 dxe4 4. Nxe4 Nf6 5. Nxf6+ exf6 6. c3 Bd6 7. Bd3 0-0 8. Ne2 Re8 9. 0-0 Nd7 10. Ng3 Nf8 11. a4 Bc7 12. f4 a5 13. Qf3 Rb8 14. f5 Nd7 15. Bf4 Bxf4 16. Qxf4 b5 17. Nh5 Kh8 18. Rf3 bxa4 19. Nxg7 Rg8 20. Nh5 Rxb2 21. Rg3 Bb7 22. Qc1 Rb6 23. Qh6 Rxg3 24. hxg3 Qf8 25. Qxf8+ Nxf8 26. Bc4 Ba6 27. Bxf7 Be2 28. Nxf6 Bd3 29. Be6 Rb1+ 30. Rxb1 Bxb1 31. d5 cxd5 32. Bxd5 a3 33. Kf2 a2 34. Bxa2 Bxa2 35. Ke3 a4 36. Kd2 Kg7 37. Ne8+ Kf7 38. Nd6+ Ke7 39. Nc8+ Kf6 40. g4 Nd7 41. Nd6 Bd5 42. c4 Bxg2 43. Kc3 Kg5 44. Ne8 Bc6 45. Kd4 Nf6 46. Ng7 Nxg4 47. Kc3 Bd7 48. c5 Kf6 49. c6 Bxc6 50. Ne6 Ne3 51. Nd4 Bd7 52. Kb4 h5 53. Ka3 h4 54. Nf3 h3 55. Nh2 Kxf5 56. Kb2 Kf4 57. Ka1 Ke5 0-1

[Event "American Continental (Women) 15th"]
[Site "Santo Domingo"]
[Date "2024.11.24"]
[Round "2"]
[White "Bravo Mallco, Kate Azumi"]
[Black "Mou, Iris Zhaoying"]
[Result "0-1"]
[WhiteElo "2074"]
[BlackElo "2257"]
[PlyCount "56"]
[EventDate "2024.11.24"]
[EventType "swiss"]
[EventRounds "9"]
[EventCountry "DOM"]
[SourceTitle "CB49_2024"]
[SourceDate "2024.12.04"]
[SourceVersion "1"]
[SourceVersionDate "2024.12.04"]
[SourceQuality "1"]

1. e4 c6 2. d4 d5 3. e5 Bf5 4. g4 Be4 5. f3 Bg6 6. e6 fxe6 7. h4 c5 8. h5 Bf7 9. f4 Nc6 10. Nf3 cxd4 11. Ne5 Nxe5 12. fxe5 Qa5+ 13. Bd2 Qb6 14. Na3 a6 15. Qf3 Nf6 16. exf6 exf6 17. 0-0-0 Be7 18. g5 h6 19. gxh6 gxh6 20. Bh3 Rc8 21. Rhe1 Rc6 22. Kb1 Rg8 23. Ka1 Qc7 24. Rg1 Rxg1 25. Rxg1 Bxa3 26. bxa3 Rxc2 27. Bxh6 Qh2 28. Rg2 Qh1+ 0-1